| 000 | 00923nam a22002417a 4500 | ||
|---|---|---|---|
| 005 | 20240530110543.0 | ||
| 008 | 151221s2013 ua g b 000 0 ara d | ||
| 017 |
_a2012/7084 _bمصر . دار الكتب المصرية |
||
| 020 | _a9789773279566 | ||
| 040 | _aEG-CaGPL | ||
| 082 | 0 | 4 |
_221 _a347.04\ _bر م |
| 100 | 0 | _aرمضان ابراهيم علام | |
| 245 | 1 | 2 |
_aالمحاكم الاقتصادية : _bطبقا للقانون 120 لسنة 2008 / _cرمضان ابراهيم علام |
| 250 | _aط1 | ||
| 260 |
_aالاسكندرية : _bمكتبة الوفاء القانونية ، _c2013 . |
||
| 300 |
_a139 ص ؛ _c24 سم . |
||
| 504 | _aيشتمل على ارجاعات ببليوجرافية | ||
| 650 | 0 | 4 | _aالقانون 120 لسنة 2008 |
| 650 | 0 | 4 |
_aالاقتصاد _xمحاكم |
| 650 | 0 | 4 | _aالمحاكم الدولية |
| 942 |
_2ddc _cBK |
||
| 999 |
_c62291 _d62291 |
||